Statistics for Turkic Ethnic Groups

Click here to take the quiz!

General Stats

  • This quiz has been taken 299 times
  • The average score is 15 of 28

Answer Stats

AnswerPopulationReligionCountry or Region% Correct
Azerbaijanis31,300,000Shia IslamAzerbaijan
99%
Uzbeks30,700,000Sunni IslamUzbekistan
98%
Kazakhs15,100,000Sunni IslamKazakhstan
97%
Turkish75,700,000Sunni IslamTurkey
97%
Turkmen8,000,000Sunni IslamTurkmenistan
97%
Kyrgyz6,000,000Sunni IslamKyrgyzstan
93%
Uyghurs11,900,000Sunni IslamChina (Xinjiang)
90%
Tatars6,200,000Sunni IslamRussia (Tatarstan)
81%
Chuvashes1,500,000Eastern OrthodoxRussia (Chuvashia)
76%
Tuvans273,000BuddhismRussia (Tuva)
67%
Crimean Tatars500,000Sunni IslamUkraine (Crimea)
65%
Gagauz126,000Eastern OrthodoxMoldova (Gagauzia)
65%
Bashkirs1,700,000Sunni IslamRussia (Bashkortostan)
63%
Karakalpaks796,000Sunni IslamUzbekistan (Karakalpakstan)
59%
Yakuts482,000Eastern OrthodoxRussia (Sakha)
54%
Balkars112,000Sunni IslamRussia (Kabardino-Balkaria)
48%
Karachays346,000Sunni IslamRussia (Karachay-Cherkassia)
47%
Khakas75,000Eastern OrthodoxRussia (Khakassia)
43%
Qashqai949,000Shia IslamSouthern Iran
38%
Nogais110,000Sunni IslamRussia (North Caucasus)
29%
Yugurs13,000BuddhismChina (Sunan Yugur Autonomous County)
26%
Kumyks520,000Sunni IslamRussia (Dagestan)
25%
Khorasani Turks1,000,000Shia IslamIran (Khorasan)
22%
Altaians70,000BurkhanismRussia (Altai Republic)
21%
Salar104,000Sunni IslamChina (Qinghai, Gansu)
12%
Dolgans13,000TengrismRussia (Krasnoyarsk Krai)
9%
Khalaj42,000Shia IslamIran
9%
Khotons10,000Sunni IslamMongolia (Uvs Province)
3%

Score Distribution

Percentile by Number Answered

Percent of People with Each Score

Your Score History

You have not taken this quiz